000 00496nmm a2200181Ia 4500
008 251105s9999||||xx |||||||||||||||||und||
020 _a9788415979388
041 _aspa
100 _aCartarescu, Mircea
245 0 _aEl levante
264 _a[Madrid, España] :
_bImpedimenta,
_c2016
300 _a240 páginas
650 _aOther narratives
700 _aCartarescu, Mircea
700 1 _a Ochoa de Eribe, Marian
856 _uhttps://public.digitaliapublishing.com/a/50498
942 _cCF
999 _c63668
_d63668